Statistics for US States Breakdown Puzzle #2

Click here to take the quiz!

General Stats

  • This quiz has been taken 1,058 times
  • The average score is 21 of 30

Answer Stats

Hint Answer % Correct
Sheep soundBAA
95%
ALABAMA
94%
The Dalai ____LAMA
93%
Animal doctorVET
93%
Smell, hearing etcSENSE
90%
Ancient, agedOLD
90%
Superman's ClarkKENT
89%
Early in the dayMORN
89%
Pennies, dimes etcCOINS
85%
VERMONT
85%
KENTUCKY
84%
Not yum!YUCK
83%
AdolescentTEEN
79%
Present-day PersiaIRAN
78%
TENNESSEE
77%
Cake toppingICING
76%
Common deli meatHAM
74%
Australian 'bear'KOALA
74%
WISCONSIN
70%
Country carnivalFAIR
69%
Is victoriousWINS
68%
OKLAHOMA
65%
FLORIDA
63%
Electr. resistance unitOHM
62%
MICHIGAN
60%
Carved figuresSTATUES
32%
MASSACHUSETTS
27%
SOUTH CAROLINA
20%
Abysses, ravinesCHASMS
13%
The ShoahHOLOCAUST
13%

Score Distribution

Percentile by Number Answered

Percent of People with Each Score

Your Score History

You have not taken this quiz